| 000 | 00353nam a22001217a 4500 | ||
|---|---|---|---|
| 082 | _a200 THE | ||
| 100 |
_aMohammad Umer Sadiq _973256 |
||
| 245 | _aTH-SOF-1821-Automatic Labeling of Security Bug Reports | ||
| 260 |
_aISLAMABAD _bNUST COLLEGE OF EME _c2020 |
||
| 650 | _aMS-CSE-17 | ||
| 700 |
_aSupervisor Dr. Wasi Haider Butt _969491 |
||
| 942 |
_cCF _2ddc |
||
| 999 |
_c579061 _d579061 |
||